Central Library OPAC University of Rajshahi

Glimpses of Muslim art and architecture / (Record no. 17665)

MARC details
000 -LEADER
fixed length control field 00845cam a2200277 a 4500
001 - CONTROL NUMBER
control field 17665
003 - CONTROL NUMBER IDENTIFIER
rucl marc code BD-RjUL
005 - DATE AND TIME OF LATEST TRANSACTION
control field 20211209000156.0
008 - FIXED-LENGTH DATA ELEMENTS--GENERAL INFORMATION
fixed length control field 140217s1983 bg fa b 000 0 eng d
035 ## - SYSTEM CONTROL NUMBER
System control number (BD-RjUL)17723
040 ## - CATALOGING SOURCE
Original cataloging agency DLC
Transcribing agency DLC
Modifying agency BD-RjUL
Language of cataloging eng
041 ## - LANGUAGE CODE
Language code of text/sound track or separate title eng
082 00 - DEWEY DECIMAL CLASSIFICATION NUMBER
Classification number 709.17671
Edition number 19
Author mark and year HAG 1983
100 1# - MAIN ENTRY--PERSONAL NAME
Personal name Hasan, Sayed Mahmudul.
9 (RLIN) 54452
245 10 - TITLE STATEMENT
Title Glimpses of Muslim art and architecture /
Statement of responsibility, etc. Syed Mahmudul Hasan.
250 ## - EDITION STATEMENT
Edition statement 1st ed.
260 ## - PUBLICATION, DISTRIBUTION, ETC. (IMPRINT)
Place of publication, distribution, etc. Dhaka :
Name of publisher, distributor, etc. Islamic Foundation Bangladesh,
Date of publication, distribution, etc. 1983.
300 ## - PHYSICAL DESCRIPTION
Pagination 415 p., [64] p. of plates :
Illustrations ill. ;
Size 22 cm.
504 ## - BIBLIOGRAPHY, ETC. NOTE
Bibliography, etc Includes bibliographical references.
650 #0 - SUBJECT ADDED ENTRY--TOPICAL TERM
Topical term or geographic name as entry element Islamic art.
9 (RLIN) 54454
Topical term or geographic name as entry element Islamic architecture.
9 (RLIN) 54455
942 ## - ADDED ENTRY ELEMENTS (KOHA)
Source of classification or shelving scheme Dewey Decimal Classification
Koha item type Books
Holdings
Lost status Source of classification or shelving scheme Damaged status Not for loan Collection code Permanent Location Current Location Shelving location Date acquired Source of acquisition Cost, normal purchase price Total Checkouts Full call number Date last seen Copy number Koha item type
  Dewey Decimal Classification   Not For Loan Non-fiction Central Library, University of Rajshahi Central Library, University of Rajshahi Reading Room 19/09/1995 Islamic Foundation ,Dhaka 70.00   709.17671 HAG 1983 17/02/2014 C-1 Books